The Prentice Hall anthology of African American women's literature / (Record no. 6323)
[ view plain ]
| 000 -LEADER | |
|---|---|
| fixed length control field | 03223nam a22003495i 4500 |
| 003 - CONTROL NUMBER IDENTIFIER | |
| control field | EG-ScBUE |
| 005 - DATE AND TIME OF LATEST TRANSACTION | |
| control field | 20201101102441.0 |
| 008 - FIXED-LENGTH DATA ELEMENTS--GENERAL INFORMATION | |
| fixed length control field | 200219t20062006nju f b 000 0 eng d |
| 020 ## - INTERNATIONAL STANDARD BOOK NUMBER | |
| International Standard Book Number | 0130485462 |
| 020 ## - INTERNATIONAL STANDARD BOOK NUMBER | |
| International Standard Book Number | 9780130485465 |
| 035 ## - SYSTEM CONTROL NUMBER | |
| System control number | (OCoLC)ocm56482248 |
| 040 ## - CATALOGING SOURCE | |
| Original cataloging agency | EG-ScBUE |
| Language of cataloging | eng |
| Description conventions | rda |
| Transcribing agency | EG-ScBUE |
| Modifying agency | EG-ScBUE |
| 082 04 - DEWEY DECIMAL CLASSIFICATION NUMBER | |
| Classification number | 810.80928708 |
| Item number | LEE |
| Edition number | 22 |
| 245 04 - TITLE STATEMENT | |
| Title | The Prentice Hall anthology of African American women's literature / |
| Statement of responsibility, etc | Valerie Lee, editor, The Ohio State University. |
| 246 3# - VARYING FORM OF TITLE | |
| Title proper/short title | African American women's literature |
| 264 #1 - PUBLICATION, DISTRIBUTION, ETC. (IMPRINT) | |
| Place of publication, distribution, etc | Upper Saddle River, N.J. : |
| Name of publisher, distributor, etc | Pearson Prentice Hall, |
| Date of publication, distribution, etc | [2006] |
| 264 #4 - PUBLICATION, DISTRIBUTION, ETC. (IMPRINT) | |
| Date of publication, distribution, etc | c2006 |
| 300 ## - PHYSICAL DESCRIPTION | |
| Extent | xxx, 426 pages : |
| Other physical details | map ; |
| Dimensions | 26 cm |
| 336 ## - CONTENT TYPE | |
| Content type term | text |
| Content type code | txt |
| Source | rdacontent |
| 337 ## - MEDIA TYPE | |
| Media type term | unmediated |
| Media type code | n |
| Source | rdamedia |
| 338 ## - CARRIER TYPE | |
| Carrier type term | volume |
| Carrier type code | nc |
| Source | rdacarrier |
| 504 ## - BIBLIOGRAPHY, ETC. NOTE | |
| Bibliography, etc | Includes bibliographical references. |
| 505 2# - FORMATTED CONTENTS NOTE | |
| Formatted contents note | The colonial and antebellum periods. Lucy Terry Prince -- Phillis Wheatley -- Jarena Lee -- Sojourner Truth -- Nancy Gardner Prince -- Maria W. Stewart -- Harriet Jacobs -- Julia A. Foote -- Frances E.W. Harper -- Harriet E. Wilson -- Hannah Crafts -- The reconstruction period. Elizabeth Keckley -- Charlotte L. Forten GrimkeÌ? -- Gertrude Bustill Mossell -- Anna Julia Cooper -- Pauline E. Hopkins -- Ida B. Wells-Barnett -- Expansion, experimentation, and excellence: 20th- and 21st-century African American women's writings. The Harlem renaissance. Alice Moore Dunbar-Nelson -- Angelina Weld GrimkeÌ? -- Anne Spencer -- Jessie Redmon Fauset -- Mary Effie Lee Newsome -- Georgia Douglas Johnson -- Zora Neale Hurston -- Nella Larsen -- Marita Bonner -- Gwendolyn B. Bennett -- Helene Johnson -- The 1940s-1959. Dorothy West -- Ann Petry -- Margaret Walker -- Gwendolyn Brooks -- Lorraine Hansberry -- Literature of the Black aesthetic movement: the 1960s and 1970s. Alice Childress -- Naomi Long Madgett -- Maya Angelou -- Paule Marshall -- Kristin Hunter -- Sonia Sanchez -- June Jordan -- Nikki Giovanni -- Carolyn M. Rodgers -- Literature of the second renaissance: the 1970s and 1980s. Toni Morrison -- Adrienne Kennedy -- Audre Lorde -- Lucille Clifton -- Jayne Cortez -- Toni Cade Bambara -- J. California Cooper -- BarbaraNeely -- Alice Walker -- Pat Parker -- Sherley Anne Williams -- Marilyn Nelson Waniek -- Michelle Cliff -- Octavia Butler -- Ntozake Shange -- Jewelle Gomez -- Alexis De Veaux -- Gloria Naylor -- Marita Golden -- Rita Dove -- Jewell Parker Rhodes -- Literature from the new millennium: the 1990s to the 21st century. Tina McElroy Ansa -- Bebe Moore Campbell -- Terry McMillan -- Julie Dash -- Harryette Mullen -- Itabari Njeri -- Thylias Moss -- Jessica Care Moore -- Pearl Cleage -- Tayari Jones -- Black feminist criticism and womanist theories. Barbara Christian -- Karla Holloway -- Audre Lorde -- Deborah McDowell -- Carla Peterson. |
| 650 #7 - SUBJECT ADDED ENTRY--TOPICAL TERM | |
| Topical term or geographic name as entry element | American literature |
| General subdivision | African American authors. |
| Source of heading or term | BUEsh |
| 650 #7 - SUBJECT ADDED ENTRY--TOPICAL TERM | |
| Topical term or geographic name as entry element | African American women |
| Form subdivision | Literary collections. |
| Source of heading or term | BUEsh |
| 650 #7 - SUBJECT ADDED ENTRY--TOPICAL TERM | |
| Topical term or geographic name as entry element | African Americans |
| Form subdivision | Literary collections. |
| Source of heading or term | BUEsh |
| 650 #7 - SUBJECT ADDED ENTRY--TOPICAL TERM | |
| Topical term or geographic name as entry element | American literature |
| General subdivision | Women authors. |
| Source of heading or term | BUEsh |
| 651 ## - SUBJECT ADDED ENTRY--GEOGRAPHIC NAME | |
| Source of heading or term | BUEsh |
| 653 ## - INDEX TERM--UNCONTROLLED | |
| Resource For college | Humanities: English |
| Arrived date list | November2020 |
| 700 1# - ADDED ENTRY--PERSONAL NAME | |
| Personal name | Lee, Valerie, |
| Dates associated with a name | 1950- |
| Relator term | editor. |
| 942 ## - ADDED ENTRY ELEMENTS (KOHA) | |
| Koha item type | Book - Borrowing |
| Source of classification or shelving scheme | Dewey Decimal Classification |
| Withdrawn status | Lost status | Source of classification or shelving scheme | Damaged status | Not for loan | Collection code | Home library | Current library | Shelving location | Date acquired | Source of acquisition | Total Checkouts | Full call number | Barcode | Date last seen | Price effective from | Koha item type |
|---|---|---|---|---|---|---|---|---|---|---|---|---|---|---|---|---|
| Dewey Decimal Classification | Alahram | Central Library | Central Library | Second Floor | 21/11/2007 | Purchase | 810.80928708 LEE | 000007819 | 15/07/2025 | 21/11/2007 | Book - Borrowing |